Aurora Songs/Album Title by Album Cover - Statistics

General Stats
  • This quiz has been taken 21 times
  • The average score is 28 of 59
Answer Stats
Picture Answer % Correct
A Different Kind of Human (Step 2)
94%
What Happened to the Heart?
94%
Cure For Me
88%
Infections of a Different Kind (Step 1)
88%
Runaway
88%
All My Demons Greeting Me as a Friend
82%
Awakening
82%
Into the Unknown
76%
Some Type of Skin
76%
Puppet
71%
Running with the Wolves
71%
Your Blood
71%
Butterflies
65%
Exist For Love
65%
Midas Touch
65%
The Devil is Human
65%
The Gods We Can Touch
65%
The Seed
65%
Under Stars
59%
A Potion For Love
53%
PARAMOUR
53%
RING THE ALARM
53%
Sky: Concert in the Light
53%
Starvation
53%
The Flood
53%
Animal
47%
BRING BACK THE COLOR / The Sun
47%
Heathens
47%
Stjernestøv
47%
The Conflict of the Mind
47%
The Secret Garden
47%
Walking in the Air
47%
A Dangerous Thing / Everything Matters
41%
Apple Tree
41%
Forgotten Love
41%
Hunting Shadows (Assassin’s Creed)
41%
Thank U
41%
You Can't Run From Yourself
41%
A Rock Somewhere / The Seed (For Greenpeace)
35%
A Soul With No King
35%
A Temporary High
35%
My Sails Are Set
35%
The River
35%
To Be Loved
35%
Animal Soul
29%
Murder Song (5, 4, 3, 2, 1)
29%
Queendom
29%
Sofia
29%
Storm
29%
Giving Into the Love
24%
Southern Star
24%
The Woman I Am
24%
Daydreamer
18%
Half the World Away
18%
Alone in the Night
12%
Bango/Eve of Destruction/The Universe Sent Me
12%
I Went Too Far
12%
Scarborough Fair
12%
Cynical Mind
6%
No matching quizzes found
Score Distribution
Percent of People with Each Score
Percentile by Number Answered
Your Score History
You have not taken this quiz